Les contemporains (Record no. 69219)
[ view plain ]
| 000 -LEADER | |
|---|---|
| campo de control de longitud fija | 00969nam a2200229 i 4500 |
| 001 - NÚMERO DE CONTROL | |
| campo de control | 69219 |
| 003 - IDENTIFICADOR DE NÚMERO DE CONTROL | |
| campo de control | ES-MaACL |
| 005 - FECHA Y HORA DE LA ÚLTIMA TRANSACCIÓN | |
| campo de control | 20250716081417.0 |
| 007 - CAMPO FIJO DE DESCRIPCIÓN FÍSICA--INFORMACIÓN GENERAL | |
| campo de control de longitud fija | t| |
| 008 - DATOS DE LONGITUD FIJA--INFORMACIÓN GENERAL | |
| campo de control de longitud fija | 040921m18981902fr ||||1| fre d |
| 100 1# - ENTRADA PRINCIPAL--NOMBRE DE PERSONA | |
| Nombre de persona | Lemaitre, Jules. |
| 9 (RLIN) | 71458 |
| 245 14 - MENCIÓN DEL TÍTULO | |
| Título | Les contemporains |
| Resto del título | : études et portraits littéraires. |
| Número de parte o sección de la obra | 1ère série / |
| Mención de responsabilidad, etc. | Jules Lemaitre. |
| 250 ## - MENCION DE EDICION | |
| Mención de edición | 21e éd. |
| 260 ## - PUBLICACIÓN, DISTRIBUCIÓN, ETC. | |
| Lugar de publicación, distribución, etc. | Paris : |
| Nombre del editor, distribuidor, etc. | Société Française d'Imprimerie et de Librairie, |
| Fecha de publicación, distribución, etc. | 1898. |
| 300 ## - DESCRIPCIÓN FÍSICA | |
| Extensión | 355 p. ; |
| Dimensiones | 19 cm. |
| 490 1# - MENCIÓN DE SERIE | |
| Mención de serie | Nouvelle bibliothèque littéraire |
| 505 8# - NOTA DE CONTENIDO CON FORMATO | |
| Nota de contenido con formato | Contiene: Théodore de Banville. Sully-Prudhomme. François Coppée. Edouard Grenier. Madame Adam. Madame Alphonse Daudet. Ernest Renan. Ferdinand Brunetière. Emile Zola. Guy de Maupassant. J.-K. Huysmans. Georges Ohnet |
| 650 #4 - PUNTO DE ACCESO ADICIONAL DE MATERIA--TÉRMINO DE MATERIA | |
| Término de materia o nombre geográfico como elemento de entrada | Literatura francesa- |
| Subdivisión cronológica | S.XIX- |
| Subdivisión general | Historia y crítica |
| 9 (RLIN) | 14589 |
| 830 0# - PUNTO DE ACCESO ADICIONAL DE SERIE-TÍTULO UNIFORME | |
| Título uniforme | Nouvelle bibliothèque littéraire |
| 9 (RLIN) | 182447 |
| 852 ## - LOCALIZACIÓN | |
| Ubicación | ES-MaACL |
| Número de control de estantería | B-2666 |
| Estatus retirado | Estado de pérdida | Estado de daño | No para préstamo | Colección | Biblioteca de origen | Biblioteca actual | Ubicación en estantería | Fecha de adquisición | Fuente de adquisición | Total de préstamos | Signatura topográfica completa | Código de barras | Visto por última vez | Precio de reemplazo | Tipo de ítem Koha |
|---|---|---|---|---|---|---|---|---|---|---|---|---|---|---|---|
| Libros del s. XIX | Biblioteca del Ateneo de Madrid | Biblioteca del Ateneo de Madrid | Sala Pardo Bazán | 17/01/2008 | B-2666 | 1072484 | 23/02/2023 | 23/02/2023 | Libro impreso antiguo |
